000 07446namaa22004451i 4500
003 OSt
005 20260328133130.0
008 250827s2024 ua a|||frm||| 000 0 eng d
040 _aEG-GICUC
_bara
_cEG-GICUC
_dEG-GICUC
_erda
041 0 _aara
_bara
_beng
049 _aإيداع
082 0 4 _a155.4242
092 _a155.4242
_221
097 _aمــــاجستير
099 _aCai01.23.04.M.Sc.2024.إن.د
100 0 _a،إنچي محمد خالد محمد علي
_eإعداد.
245 1 0 _aدراسة مقارنة لبعض المتغيرات النفسية لدي أبناء المضيفات الجويات وأبناء المضيفات الأرضيات العاملات بمجال الطيران الجوي بالمرحلة العمرية 9 – 12 سنة /
_cإعداد إنچي محمد خالد محمد علي؛ إشراف أ.د/ عبد الله سليمان، أ.د/ منال منصور الحملاوي، أ.د/ إبراهيم محمد سعد.
246 1 5 _aSome psychological variables among flight attendants & ground hostesses children's whom work in aviation field of age 9 – 12 years comparative study /
264 0 _c2024.
300 _a162 صفحة :
_bإيضاحيات ؛
_c25 سم. +
_eCD.
336 _atext
_2rda content
337 _aUnmediated
_2rdamedia
338 _avolume
_2rdacarrier
502 _aأطروحة (ماجستير)-جامعة القاهرة، 2024.
504 _aببليوجرافيا: صفحات 139-158.
520 _aهدفت الدراسة إلي مقارنةٌ بين أبناء المضيفات الجويات وأبناء المضيفات الأرضيات العاملات بمجال الطيران الجوي بالمرحلة العمرية ( 9 – 12 ) سنة، لمعرفة هل يوجد اختلاف بينهم أم لا في متغيري قلق الانفصال عن الأم، والدافع للإنجاز تبعاً لاختلاف الآتي: طبيعة عمل المضيفة ( جوية / أرضية )، والنوع ( ذكور / إناث )، وتأثير تفاعل النوع وطبيعة عمل المضيفة، كما إستخدمت الدراسة المنهج الوصفي المقارن نظراً لملائمته للدراسة، وتكونت عينة الدراسة الحالية من (200) مائتان تلميذ، وتلميذة من أبناء المضيفات الجويات، وأبناء المضيفات الأرضيات العاملات بمجال الطيران الجوي بالمرحلة العمرية ( 9 – 12) سنة، والملتحقين بالصفوف الرابع، والخامس، والسادس الابتدائي، بواقع إجمالي: (116) ذكر، (84) أنثي، منقسمين بالتساوي إلي ( 58 ) ذكر، (42) أنثي لدي أبناء كل منهم، تم اختيارهم بشكل عشوائي، وتمثلت أدوات الدراسة في مقياسين هما:مقياس قلق الانفصال عن الأم لأطفال المرحلة العمرية (6-12) سنة. إعداد / أحمد محمد جاد الرب أبو زيد ( 2010 )، ومقياس الدافع للإنجاز للأطفال والمراهقين ( م. د . ج ). إعداد / أماني عبد المقصود (2016)، وقد توصلت نتائج الدراسة إلي الآتي : - لا يختلف قلق الانفصال عن الأم تبعاً لاختلاف الآتي: طبيعة عمل المضيفة ( جوية / أرضية )، والنوع ( ذكور/ إناث )، وتأثير تفاعل النوع وطبيعة عمل المضيفة .- كما توصلت النتائج إلي أنه لا يختلف الدافع للإنجاز تبعاً لاختلاف الآتي : طبيعة عمل المضيفة ( جوية / أرضية )، والنوع ( ذكور/ إناث ) ، وتأثير تفاعل النوع وطبيعة عمل المضيفة .
520 _aThe study aimd to comparison between flight attendants & ground hostesses whom work in aviation field of age ( 9 - 12) years in two variables ( separation anxiety from the mother & achievement motivation ) in order to determine whether there is a difference among them or not in these variables according to the following differences : the nature of the hostess's work, whether she work as ( a flight attendant or a ground hostess ), gender (males / females), and the effect of the interaction between the gender & the nature of the hostess's work . The study used comparative descriptive approach & the sample of the study consisted of ( 200 ) male & female students, these students are the children of both flight attendants & ground hostesses whom work in aviation field of age ( 9 - 12 ) years & they are in the fourth, fifth & sixth grades of primary school divided into ( 118 ) boys & ( 84 ) girls & equally divided into ( 58 ) boys, (42) girls with the children of each of them, & they were chosen randomly. The study tools consisted of two scales : - A Measure of Separation Anxiety from The Mother for Children of Age ( 6 - 12 ) Years . Prepared by / Ahmed Mohamed Gad Elrb Abo Zaied (2010). - Achievement Motivation Scale for Children & Adolescents . Prepared by / Amany Abd Emaqsoud (2016). The results of the study reached the following :- Separation anxiety from the mother dosen't differ according to the following :- The nature of the flight attendant 's work, whether she works as (a flight attendant or a ground hostess), dosen't differ according to gender (males / females), & also dosen't differ according to the effect of the interaction between the nature of the fligh attendant's work & the gender .- Achievement motivation dosen't differ according to the Following :- The nature of the flight attendant 's work, whether she works as ( a flight attendant or a ground hostess ), dosen't differ according to gender (males / females), & also dosen't differ according to the effect of the interaction between the nature of the fligh attendant's work & the gender .
530 _aصدر أيضًا كقرص مدمج.
546 _aالنص بالعربية والملخص باللغة الإنجليزية والعربية.
650 7 _aالطفولة
_2qrmak
_xعلم نفس
650 7 _aعلم النفس الارشادى
653 0 _aالطفـولة المتأخرة
_aالدافع للإنجاز
_aقلق الانفصال عن الأم
700 0 _aعبد الله سليمان
_eمشرف أطروحة.
700 0 _aمنال منصور الحملاوي
_eمشرف أطروحة.
700 0 _aإبراهيم محمد سعد
_eمشرف أطروحة.
900 _b01-01-2024
_cعبد الله سليمان
_cمنال منصور الحملاوي
_cإبراهيم محمد سعد
_dسميرة أبو غزالة
_dأحمد حسن الليثي
_Uجامعة القاهرة
_Fكلية الدراسات العليا للتربية
_Dقسم علم النفس الارشادي
905 _aSara
_eAfaf
942 _2ddc
_cTH
_e21
_n0
999 _c178893